LEADER 00904nam0-22003011i-450- 001 990004667380403321 005 19990530 035 $a000466738 035 $aFED01000466738 035 $a(Aleph)000466738FED01 035 $a000466738 100 $a19990530g19679999km-y0itay50------ba 101 0 $aita 105 $ay-------001yy 200 1 $aComoediae$d= Comedies$fP. Terenti Afri$d= Terence$gedited with an introduction and notes by Sidney G. Ashmore 205 $a2.a ed. 210 $aNew York$cOxford University Press$d1967. 215 $aX, 340 p.$d20 cm 500 1 $a$913724 700 1$aTerentius Afer,$bPublius$f$0152516 702 1$aAshmore,$bSidney G. 801 0$aIT$bUNINA$gRICA$2UNIMARC 901 $aBK 912 $a990004667380403321 952 $aFCL 1105$bIst.Fil.Cl.1162$fFLFBC 959 $aFLFBC 996 $aComoediae$913724 997 $aUNINA LEADER 01237nlm 2200265Ia 450 001 996542972303316 005 20230816110751.0 100 $a19850501d16411642 uy | 101 0 $aeng 102 $aUK 135 $adrcnu 200 1 $a<> most worthy speech of the truly honourable and worthy member of the House of Commons, Sir Edward Deering, Knight and Baronet, who was chosen Knight of the Shire for the County of Kent$espoken in the presence of the Honourable House of Commons now present in Parliament : concerning the lyturgy of the Church of England, and for a nationall synod 210 1 $aLondon$cPrinted for F.C. and T.B.$d1641 [1642] 215 $aTesto elettronico (PDF) ([3], 5 p.) 230 $aBase dati testuale 330 $aRiproduzione dell'originale nella Huntington Library 606 0 $aChiese anglicane$2BNCF 676 $a283.42 700 1$aDERING,$bEdward$cSir,$f1598-1644.$01004096 801 0$aIT$bcba$cREICAT 912 $a996542972303316 959 $aEB 969 $aER 996 $aMost worthy speech of the truly honourable and worthy member of the House of Commons, Sir Edward Deering, Knight and Baronet, who was chosen Knight of the Shire for the County of Kent$93420300 997 $aUNISA